| 000 | 00517nam a2200193 4500 | ||
|---|---|---|---|
| 999 |
_c12880 _d12880 |
||
| 003 | MIRAKIL | ||
| 005 | 20190308143545.0 | ||
| 008 | 190308b tu ||||| |||| 00| 0 tur d | ||
| 020 | _a9944963011 | ||
| 040 |
_aTR-AnCHP _cTR-AnCHP |
||
| 041 | _atur | ||
| 082 |
_a814.42 _bY28y 2006 |
||
| 100 |
_aYavuz, Hilmi _d1936- |
||
| 245 |
_aYüzler ve izler/ _cHilmi Yavuz |
||
| 260 |
_aAnkara: _bAşina kitaplar, _c2006. |
||
| 300 |
_a203 s. _bçiz.; _c20 sm. |
||
| 650 | 0 |
_aTürk edebiyatı _919 _xDenemeler |
|
| 942 |
_2ddc _cBKS |
||